000 00359nam a22001097a 4500
040 _cSY
082 _a631
100 _aសួស​ ចំណាន
245 _aការកិន និងកិច្ចប្រតិបត្តិការមុន និងក្រោយពេលប្រមូលផល
260 _aRUA
_bសួស
_c2011
942 _cKB
999 _c9314
_d9314